| 000 | 00506nam a22001817a 4500 | ||
|---|---|---|---|
| 999 |
_c478594 _d478594 |
||
| 003 | NUST | ||
| 005 | 20180605072851.0 | ||
| 008 | 180605b ||||| |||| 00| 0 eng d | ||
| 020 | _a9789332571631 | ||
| 038 | _aSNS Library | ||
| 082 | _a515.35 GOO 2016 | ||
| 100 |
_aStephen W.. Goode, Scott Annin _911007 |
||
| 245 |
_aDifferential Equations and Linear Algebra _cStephen W.. Goode, Scott Annin |
||
| 250 | _a3rd Ed. | ||
| 260 |
_aIndia _bPearson _c2016 |
||
| 300 |
_a995 P. _bPb. |
||
| 942 |
_2ddc _cBK |
||